00265nam a2200097Ia 4500008004100000041000800041082001600049100002900065245003000094260004300124221007s9999 xx 000 0 und d aeng a646.72bSWA aSwami Ramdev Ji Maharaj aBhakti Gitanjali Part - 1 c2008bMoser Baer (i) LimitedaNoida,UP